500 mots les plus utilisés en français - Statistiques

Statistiques générales
  • Ce quiz a été pris 3 775 fois
  • Le résultat moyen est 153 sur 500
Statistiques - réponses
# Utilisation Espèce Mot % Correct
6 293.083 Préposition à
95%
1 1.050.561 Déterminant le
95%
23 105.873 Pronom le
95%
7 270.395 Pronom il
94%
10 184.186 Pronom je
94%
68 22.695 Adverbe
92%
2 862.100 Préposition de
91%
21 119.106 Déterminant de
91%
4 362.093 Conjonction et
91%
37 62.554 Pronom nous
91%
50 35.774 Pronom tu
91%
27 89.623 Pronom vous
91%
19 126.397 Pronom elle
88%
48 36.089 Pronom
88%
51 34.897 Conjonction ou
88%
85 16.494 Pronom ça
87%
3 419.564 Déterminant un
84%
143 10.941 Pronom un
84%
5 351.960 Verbe être
83%
410 3.345 Nom être
83%
39 57.690 Conjonction mais
83%
13 168.684 Pronom se
83%
15 141.389 Déterminant ce
82%
22 107.074 Pronom ce
82%
33 71.086 Pronom me
81%
34 70.246 Pronom on
81%
414 3.326 Nom or
81%
8 248.488 Verbe avoir
78%
136 11.640 Conjonction ni
78%
59 28.542 Pronom te
78%
28 82.277 Préposition par
77%
135 11.695 Conjonction car
76%
114 13.562 Conjonction donc
76%
345 4.127 Verbe manger
75%
17 143.565 Préposition en
74%
46 38.935 Pronom en
74%
9 186.755 Adverbe ne
74%
24 104.779 Préposition pour
74%
344 4.141 Préposition dès
73%
54 32.024 Adverbe si
72%
65 24.024 Conjonction si
72%
35 70.121 Déterminant mon
71%
437 3.223 Adverbe ci
70%
12 176.161 Conjonction que
69%
26 99.412 Pronom que
69%
20 123.502 Déterminant au
66%
355 3.994 Nom est
66%
11 181.161 Déterminant son
66%
14 148.382 Pronom qui
65%
55 30.211 Numéro deux
64%
161 9.603 Nom eau
63%
138 11.372 Numéro trois
63%
16 139.185 Préposition dans
62%
220 6.609 Numéro dix
62%
18 127.384 Déterminant du
62%
57 30.053 Pronom moi
62%
142 10.970 Numéro quatre
62%
216 6.723 Numéro cinq
61%
30 77.608 Verbe faire
61%
350 4.052 Numéro huit
61%
284 5.152 Pronom quoi
61%
419 3.289 Numéro sept
61%
94 15.513 Déterminant ton
61%
45 39.659 Verbe voir
61%
44 41.702 Verbe aller
60%
265 5.508 Numéro neuf
60%
470 2.937 Verbe boire
59%
321 4.463 Numéro six
59%
25 103.083 Adverbe pas
58%
214 6.751 Nom pas
58%
137 11.483 Adjectif bon
57%
69 22.232 Nom jour
57%
81 17.166 Nom mer
57%
29 80.180 Préposition sur
57%
438 3.211 Adjectif sûr
57%
41 55.081 Préposition avec
56%
155 9.870 Adjectif beau
55%
111 13.798 Numéro cent
54%
63 25.388 Adjectif grand
54%
370 3.809 Nom grand
54%
171 8.997 Pronom toi
54%
141 11.274 Nom an
53%
38 59.902 Conjonction comme
53%
333 4.324 Adverbe comme
53%
76 19.008 Adjectif petit
53%
424 3.265 Nom petit
53%
89 15.944 Préposition sous
53%
404 3.438 Verbe dormir
52%
49 35.915 Préposition sans
52%
108 14.039 Adverbe non
51%
62 25.592 Conjonction quand
50%
43 46.031 Pronom y
50%
52 33.950 Déterminant leur
49%
235 6.078 Pronom leur
49%
133 11.758 Numéro mille
49%
31 75.499 Adverbe plus
49%
32 72.134 Verbe dire
48%
36 65.988 Pronom lui
48%
152 10.287 Nom maison
48%
86 16.251 Adverbe peu
48%
408 3.387 Nom voiture
48%
338 4.217 Nom fin
47%
92 15.540 Nom main
47%
169 9.005 Adverbe oui
47%
150 10.343 Adjectif quel
47%
267 5.505 Déterminant tel
47%
475 2.906 Adjectif bleu
46%
202 7.126 Adverbe enfin
46%
253 5.747 Verbe marcher
46%
90 15.814 Verbe parler
46%
390 3.576 Adjectif rouge
46%
72 19.942 Déterminant votre
46%
47 37.171 Adverbe bien
45%
411 3.340 Verbe lire
45%
449 3.097 Adverbe mal
45%
481 2.861 Nom mal
45%
66 23.883 Déterminant notre
45%
292 4.932 Nom part
45%
487 2.812 Nom sol
45%
257 5.623 Nom travail
45%
107 14.138 Verbe aimer
44%
228 6.246 Adjectif blanc
44%
342 4.163 Adverbe comment
44%
348 4.059 Verbe courir
44%
204 7.038 Adjectif noir
44%
40 55.394 Verbe pouvoir
44%
415 3.309 Nom pouvoir
44%
42 47.221 Adjectif tout
44%
73 19.915 Adverbe tout
44%
80 17.486 Pronom tout
44%
128 12.051 Déterminant tout
44%
307 4.700 Conjonction pourquoi
43%
96 15.241 Nom vie
43%
60 26.148 Nom femme
42%
244 5.922 Nom franc
42%
184 8.040 Nom pied
42%
70 20.489 Verbe prendre
42%
119 12.781 Préposition vers
42%
172 8.920 Numéro vingt
42%
53 33.202 Nom homme
41%
326 4.447 Verbe jouer
41%
160 9.694 Nom nuit
41%
131 11.854 Nom père
41%
304 4.731 Préposition près
41%
97 15.102 Verbe savoir
40%
101 14.606 Préposition après
39%
109 13.940 Nom heure
39%
233 6.102 Nom parti
39%
217 6.692 Nom soleil
39%
132 11.842 Nom fille
38%
373 3.783 Nom œil
38%
58 29.435 Verbe vouloir
38%
195 7.425 Préposition avant
37%
227 6.256 Verbe écrire
37%
113 13.684 Préposition entre
37%
165 9.472 Adverbe moins
37%
130 11.999 Nom tête
37%
61 26.023 Verbe venir
37%
423 3.266 Nom bouche
36%
105 14.255 Adverbe jamais
36%
406 3.410 Nom lit
36%
362 3.910 Pronom l'un
36%
178 8.649 Nom porte
36%
208 6.983 Nom ville
36%
189 7.625 Verbe vivre
36%
365 3.876 Nom argent
35%
319 4.537 Adjectif gros
35%
435 3.236 Nom loi
35%
95 15.339 Verbe mettre
35%
159 9.752 Nom mot
35%
84 16.785 Nom temps
35%
288 5.087 Adjectif bas
34%
115 13.348 Nom enfant
34%
215 6.726 Verbe partir
34%
197 7.399 Nom regard
34%
400 3.472 Nom table
34%
144 10.786 Nom terre
34%
490 2.809 Numéro trente
34%
181 8.283 Nom amour
33%
193 7.451 Nom pays
33%
226 6.304 Nom bras
32%
381 3.704 Nom cheveu
32%
154 9.991 Nom coup
32%
67 22.703 Verbe devoir
32%
83 16.795 Verbe donner
32%
359 3.953 Adjectif haut
32%
201 7.182 Nom mort
32%
213 6.785 Verbe mourir
32%
211 6.877 Nom soir
32%
103 14.336 Adverbe toujours
32%
445 3.133 Verbe travailler
32%
176 8.744 Nom ami
31%
238 6.004 Nom année
31%
236 6.059 Adjectif cher
31%
194 7.433 Nom ciel
31%
327 4.429 Nom feu
31%
168 9.098 Adverbe ici
31%
346 4.097 Nom livre
31%
187 7.824 Conjonction parce que
31%
102 14.604 Verbe regarder
31%
82 16.833 Verbe trouver
31%
98 14.981 Nom yeux
31%
110 13.881 Verbe croire
30%
310 4.657 Adverbe dessus
30%
79 17.797 Pronom dont
30%
472 2.914 Nom garçon
30%
188 7.795 Nom nom
30%
149 10.358 Verbe penser
30%
309 4.662 Verbe rire
30%
124 12.432 Adverbe très
30%
177 8.686 Adverbe trop
30%
347 4.070 Nom arbre
29%
224 6.399 Adverbe beaucoup
29%
106 14.253 Pronom cela
29%
280 5.216 Verbe écouter
29%
129 12.009 Verbe entendre
29%
417 3.299 Adjectif français
29%
261 5.562 Adjectif long
29%
162 9.585 Verbe sentir
29%
185 7.960 Adverbe tant
29%
294 4.915 Adverbe aujourd'hui
28%
196 7.415 Nom frère
28%
239 5.996 Adverbe loin
28%
104 14.257 Conjonction puis
28%
74 19.379 Pronom rien
28%
275 5.385 Adjectif vrai
28%
91 15.639 Adverbe alors
27%
431 3.240 Nom cri
27%
427 3.250 Adjectif froid
27%
56 30.082 Nom mari
27%
323 4.457 Nom mari
27%
285 5.145 Nom matin
27%
71 19.994 Adverbe même
27%
87 16.081 Adjectif même
27%
455 3.063 Nom oreille
27%
343 4.155 Nom route
27%
209 6.923 Nom rue
27%
387 3.616 Verbe apprendre
26%
491 2.797 Nom cours
26%
314 4.595 Nom droit
26%
263 5.527 Nom mois
26%
175 8.768 Verbe sortir
26%
163 9.515 Adjectif vieux
26%
64 24.270 Pronom celui
25%
325 4.449 Verbe crier
25%
460 3.019 Préposition derrière
25%
153 9.995 Préposition devant
25%
305 4.709 Verbe finir
25%
450 3.096 Verbe pleurer
25%
134 11.731 Adjectif premier
25%
166 9.312 Verbe tenir
25%
301 4.836 Nom tour
25%
100 14.688 Adjectif autre
24%
118 13.063 Pronom autre
24%
120 12.698 Préposition chez
24%
500 2.735 Verbe conduire
24%
116 13.191 Nom fois
24%
112 13.737 Nom monde
24%
99 14.976 Verbe passer
24%
78 17.953 Déterminant quelque
24%
210 6.892 Verbe appeler
23%
75 19.176 Adverbe encore
23%
190 7.614 Verbe entrer
23%
306 4.705 Nom famille
23%
122 12.593 Adjectif jeune
23%
232 6.169 Verbe ouvrir
23%
249 5.786 Verbe perdre
23%
117 13.104 Adjectif seul
23%
158 9.755 Nom air
22%
198 7.304 Verbe chercher
22%
200 7.245 Nom côté
22%
277 5.343 Nom fait
22%
264 5.520 Nom fils
22%
395 3.516 Nom fleur
22%
418 3.292 Nom joie
22%
266 5.494 Verbe lever
22%
315 4.574 Nom peur
22%
281 5.258 Adjectif toute
22%
349 4.058 Nom cas
21%
93 15.524 Nom chose
21%
223 6.425 Nom corps
21%
88 16.078 Verbe falloir
21%
331 4.350 Adverbe fort
21%
482 2.851 Adjectif fort
21%
192 7.499 Verbe porter
21%
77 18.311 Adverbe aussi
20%
139 11.312 Nom cœur
20%
250 5.783 Verbe commencer
20%
463 3.002 Nom compte
20%
145 10.692 Préposition contre
20%
218 6.650 Adjectif dernier
20%
459 3.046 Nom fenêtre
20%
260 5.622 Nom lumière
20%
286 5.088 Verbe monter
20%
274 5.391 Nom personne
20%
341 4.164 Pronom personne
20%
308 4.665 Adverbe souvent
20%
401 3.465 Adverbe vite
20%
322 4.460 Nom bois
19%
316 4.571 Nom bout
19%
212 6.835 Nom chambre
19%
156 9.769 Verbe connaître
19%
121 12.597 Verbe demander
19%
146 10.661 Nom dieu
19%
352 4.034 Nom mur
19%
182 8.202 Préposition pendant
19%
420 3.281 Adverbe tard
19%
389 3.598 Verbe tuer
19%
151 10.288 Verbe arriver
18%
234 6.090 Adverbe assez
18%
167 9.037 Verbe Comprendre
18%
456 3.056 Verbe payer
18%
466 2.960 Adverbe vraiment
18%
199 7.255 Nom âme
17%
179 8.574 Pronom lequel
17%
243 5.946 Nom lettre
17%
206 7.024 Adverbe maintenant
17%
207 7.019 Adjectif nouveau
17%
416 3.307 Nom nouveau
17%
421 3.272 Nom président
17%
170 9.002 Verbe rendre
17%
221 6.588 Nom roi
17%
476 2.904 Verbe sourire
17%
225 6.397 Verbe suivre
17%
248 5.812 Verbe arrêter
16%
174 8.851 Verbe attendre
16%
478 2.889 Verbe coucher
16%
358 3.955 Verbe descendre
16%
157 9.759 Verbe devenir
16%
186 7.944 Nom gens
16%
279 5.273 Nom guerre
16%
332 4.332 Adjectif heureux
16%
324 4.451 Nom histoire
16%
299 4.881 Adverbe mieux
16%
486 2.818 Nom montagne
16%
453 3.076 Adverbe parfois
16%
240 5.961 Adverbe point
16%
272 5.416 Nom point
16%
126 12.155 Verbe rester
16%
375 3.778 Verbe tirer
16%
328 4.371 Verbe tourner
16%
396 3.508 Adverbe cependant
15%
180 8.419 Déterminant chaque
15%
376 3.763 Nom chemin
15%
428 3.248 Verbe compter
15%
173 8.907 Préposition depuis
15%
147 10.489 Nom monsieur
15%
229 6.195 Verbe montrer
15%
357 3.965 Verbe oublier
15%
231 6.178 Nom place
15%
273 5.413 Adjectif plein
15%
367 3.841 Verbe poser
15%
422 3.271 Adverbe pourtant
15%
127 12.063 Verbe répondre
15%
203 7.114 Verbe revenir
15%
230 6.182 Verbe tomber
15%
237 6.054 Préposition voilà
15%
140 11.296 Adverbe ainsi
14%
252 5.774 Déterminant aucun
14%
384 3.667 Déterminant certain
14%
425 3.258 Verbe changer
14%
311 4.653 Nom madame
14%
479 2.875 Nom papier
14%
295 4.908 Nom question
14%
448 3.099 Verbe rentrer
14%
429 3.245 Nom sens
14%
368 3.834 Adverbe autant
13%
356 3.978 Nom bonheur
13%
434 3.237 Nom cheval
13%
477 2.890 Nom couleur
13%
329 4.355 Adjectif doux
13%
334 4.272 Verbe garder
13%
219 6.610 Verbe jeter
13%
123 12.465 Préposition jusque
13%
317 4.554 Nom lieu
13%
403 3.444 Nom moyen
13%
485 2.820 Nom pièce
13%
287 5.127 Nom pierre
13%
399 3.480 Déterminant plusieurs
13%
391 3.571 Nom sang
13%
241 5.954 Nom visage
13%
439 3.191 Préposition voici
13%
271 5.417 Verbe asseoir
12%
183 8.170 Adverbe déjà
12%
426 3.254 Verbe essayer
12%
407 3.393 Adjectif humain
12%
351 4.041 Conjonction lorsque
12%
405 3.422 Verbe pousser
12%
441 3.189 Conjonction puisque
12%
302 4.806 Verbe servir
12%
363 3.890 Pronom chacun
11%
464 2.979 Nom champ
11%
398 3.482 Verbe envoyer
11%
222 6.489 Nom état
11%
336 4.236 Nom face
11%
246 5.835 Nom force
11%
330 4.355 Adverbe longtemps
11%
254 5.706 Nom milieu
11%
335 4.271 Nom partie
11%
270 5.434 Adjectif pauvre
11%
258 5.662 Adverbe presque
11%
446 3.125 Adjectif propre
11%
298 4.891 Verbe recevoir
11%
262 5.544 Adverbe seulement
11%
386 3.639 Nom suite
11%
148 10.469 Nom voix
11%
440 3.190 Adjectif ancien
10%
296 4.908 Nom besoin
10%
242 5.946 Nom bruit
10%
361 3.920 Verbe cacher
10%
293 4.916 Nom maître
10%
388 3.612 Préposition malgré
10%
125 12.274 Nom moment
10%
164 9.482 Verbe sembler
10%
259 5.629 Adverbe ailleurs
9%
483 2.839 Adverbe bientôt
9%
320 4.503 Nom chef
9%
245 5.861 Nom fond
9%
289 4.969 Nom front
9%
256 5.686 Nom idée
9%
497 2.754 Verbe nommer
9%
382 3.671 Verbe offrir
9%
402 3.446 Nom paix
9%
251 5.779 Verbe paraître
9%
473 2.914 Adjectif pareil
9%
268 5.467 Verbe permettre
9%
385 3.656 Nom plaisir
9%
454 3.071 Nom politique
9%
457 3.054 Adjectif politique
9%
340 4.180 Verbe quitter
9%
269 5.481 Nom raison
9%
444 3.134 Préposition selon
9%
436 3.234 Adjectif sombre
9%
458 3.053 Verbe apporter
8%
366 3.856 Nom cause
8%
354 4.022 Verbe continuer
8%
290 4.977 Nom doute
8%
443 3.145 Nom ministre
8%
413 3.335 Nom nature
8%
461 3.013 Adjectif possible
8%
492 2.794 Verbe raconter
8%
255 5.702 Nom saint
8%
383 3.669 Adverbe surtout
8%
379 3.753 Verbe agir
7%
303 4.764 Adverbe autour
7%
374 3.783 Adverbe d'abord
7%
247 5.829 Nom effet
7%
433 3.238 Verbe expliquer
7%
442 3.161 Verbe frapper
7%
489 2.810 Adverbe partout
7%
300 4.859 Nom peine
7%
377 3.757 Verbe présenter
7%
409 3.362 Verbe rappeler
7%
191 7.544 Verbe reprendre
7%
380 3.717 Verbe retrouver
7%
369 3.825 Nom travers
7%
498 2.753 Nom bord
6%
372 3.784 Nom façon
6%
353 4.028 Nom ordre
6%
278 5.295 Nom parole
6%
393 3.556 Verbe rencontrer
6%
318 4.541 Nom silence
6%
283 5.179 Nom affaire
5%
378 3.755 Verbe ajouter
5%
499 2.749 Nom douleur
5%
432 3.238 Nom espèce
5%
205 7.031 Nom esprit
5%
474 2.906 Nom exemple
5%
412 3.337 Adjectif général
5%
371 3.807 Nom instant
5%
465 2.961 Nom manier
5%
496 2.787 Verbe manquer
5%
447 3.124 Verbe obtenir
5%
291 4.939 Nom ombre
5%
282 5.214 Nom pensée
5%
392 3.559 Verbe retourner
5%
493 2.792 Verbe serrer
5%
469 2.942 Nom action
4%
297 4.904 Verbe apercevoir
4%
495 2.790 Nom désir
4%
468 2.944 Verbe exister
4%
276 5.349 Nom peuple
4%
471 2.929 Adjectif public
4%
339 4.198 Verbe reconnaître
4%
394 3.548 Nom sentiment
4%
397 3.498 Nom service
4%
452 3.079 Nom société
4%
312 4.635 Nom sorte
4%
467 2.948 Adjectif immense
3%
360 3.922 Nom intérêt
3%
430 3.245 Verbe occuper
3%
364 3.878 Adjectif profond
3%
451 3.079 Verbe répéter
3%
484 2.825 Verbe causer
2%
313 4.618 Nom figure
2%
337 4.231 Nom mouvement
2%
488 2.811 Nom œuvre
2%
494 2.792 Verbe songer
2%
480 2.865 Déterminant d'autres
1%
462 3.010 Nom fortune
1%
Aucun quiz correspondant
Distribution des résultats
% des personnes avec chaque résultat
Percentile par nombre de réponses
Votre historique - résultats
Vous n’avez pas pris ce quiz